Smoothing and decay estimates for nonlinear diffusion equations : equations of porous medium type

Αποθηκεύτηκε σε:
Λεπτομέρειες βιβλιογραφικής εγγραφής
Κύριος συγγραφέας: Vazquez, J. L. (Juan Luis)
Μορφή: Βιβλίο
Γλώσσα:English
Δημοσίευση: Oxford ; New York : Oxford University Press, 2006
Σειρά:Oxford lecture series in mathematics and its applications ; ; 33
Θέματα:
Ετικέτες: Προσθήκη ετικέτας
Δεν υπάρχουν, Καταχωρήστε ετικέτα πρώτοι!

MARC

LEADER 00000nam a2200000 i 4500
001 1/84488
008 080512s2006 eng d
020 |a 0-19-920297-4 
020 |a 978-0-19-920297-3 
035 |l 10097196 
040 |a GR-MY-UA  |b gre  |e aacr 
041 0 |a eng 
082 0 |a 515.355  |2 (22) 
100 1 |a Vazquez, J. L.  |q (Juan Luis) 
245 1 0 |a Smoothing and decay estimates for nonlinear diffusion equations :  |b equations of porous medium type /  |c Juan Luis Vazquez 
260 |a Oxford ; New York :   |b Oxford University Press,   |c 2006 
300 |a xiii, 234 σ.;  |b εικ.;  |c 24 εκ. 
490 1 |a Oxford lecture series in mathematics and its applications  |v ; 33 
504 |a Περιέχει βιβλιογραφικές παραπομπές και ευρετήριο 
650 0 0 |a Burgers equation. 
830 0 |a Oxford lecture series in mathematics and its applications ;  |v ; 33 
852 |a INST  |b SAMOS  |e 20080512  |h 515.355 VAZ  |p 005300030396  |q 005300030396  |t BK  |y 0 
901 |a BIBL3-2008-2 
909 |a Σ  |b 151646 
922 |a 3ΕΛΗ  |b 200803  |c ΕΠΕΑΕΚ2/ΤΜΗΜΑ ΜΑΘΗΜΑΤΙΚΩΝ  |d ΕΛΕΥΘΕΡΟΥΔΑΚΗΣ 
970 |a ΡΟΥΣΣΟΥ  |b ΚΩΝΣΤΑΝΤΙΝΑ  |z 2008/05/12